| 000 | 01197nam a2200265 i 4500 | ||
|---|---|---|---|
| 001 | 81780 | ||
| 003 | ES-MaACL | ||
| 005 | 20250905123710.0 | ||
| 007 | t| | ||
| 008 | 041108s1943 mx ||||1| spa d | ||
| 100 | 1 |
_aHumboldt, Wilhelm von. _964716 |
|
| 245 | 1 | 0 |
_aEscritos políticos / _cGuillermo de Humboldt ; con una introducción de Siegfried Koehler ; versión española de Wenceslao Roces. |
| 250 | _a[1ª ed. en español]. | ||
| 260 |
_aMéxico : _bFondo de Cultura Económica, _c[1943] ( _fGráf. Panamericana) |
||
| 300 |
_a274 p. ; _c24 cm. |
||
| 510 |
_aCCPB, _c001051699-9 |
||
| 650 | 7 |
_aPolítica _2embne _9140345 |
|
| 700 | 1 |
_aKoehler, Siegfried. _968436 |
|
| 700 | 1 |
_aRoces, Wenceslao, _d1897-1992 _998039 |
|
| 852 |
_aES-MaACL _jD-6611 _bR.30279 _bR.M.6200 _984799 _cSVI _fSello en tinta azul de la Biblioteca del Ateneo de Madrid _gAnotación manuscrita en hoja de guarda: "25,50" _zEn cubierta: "12. MAR. 1951" _zSello en portada: "Distribución para España, [...], Barcelona" |
||
| 942 |
_2udc _cMONOGRAFIA |
||
| 999 |
_c81780 _d81780 |
||